Beethoven
Guardat en:
| Autor principal: | |
|---|---|
| Format: | Llibre |
| Idioma: | espanyol |
| Publicat: |
Madrid
Espasa-Calpe
1977
|
| Edició: | 3a. ed |
| Matèries: | |
| Etiquetes: |
Afegir etiqueta
Sense etiquetes, Sigues el primer a etiquetar aquest registre!
|
MARC
| LEADER | 00000nam a2200000 a 4500 | ||
|---|---|---|---|
| 001 | UCW2498 | ||
| 003 | CL-VaPUC | ||
| 005 | 20240628151637.0 | ||
| 008 | 920508e19770000SP |||||||||||||||||spa|d | ||
| 999 | |c 217039 |d 217037 | ||
| 040 | |c Pontificia Universidad Católica de Valparaíso | ||
| 082 | 0 | 4 | |a 780.92 |b GAU |2 21 |
| 100 | |a Gauthier, André |e author |9 459405 | ||
| 245 | 1 | 0 | |a Beethoven |
| 250 | |a 3a. ed | ||
| 260 | |a Madrid |b Espasa-Calpe |c 1977 | ||
| 300 | |a 128 p | ||
| 583 | |a last modification |c 19920508 00:00:00 |k Rodrigo Vera | ||
| 600 | 0 | |a Beethoven, Ludwig van |d 1770-1827 |e compositor |9 306286 | |
| 650 | 0 | |9 306627 |a Músicos alemanes | |
| 650 | 0 | |9 255210 |a Biografías | |
| 942 | |c BK |2 ddc | ||
| 945 | |d 19920508 00:00:00 | ||
| 952 | |0 0 |1 0 |4 0 |6 780_920000000000000_GAU_1977 |7 0 |8 A |9 203530 |a BIBEDU |b BIBEDU |d 2019-11-15 |i 2707640 |o 780.92 GAU 1977 |p 2707640 |r 2023-01-12 |w 2019-11-15 |y BK |k MUS | ||